1597 1949 1571 1390 1567 1885 1413 1746 1665 1658 1558 1754 1088 1622 1527 1688 1134 1434 1006 1045 1516 1302 1047 1318 1449 1353 1727 1266 1460 1090 1316 1111 1414 1155 1369 1993 1129 1815 1342 1890 1109 1798 1350 1652 1953 1798 1521 1718 1455 1355 1073 1709 1643 1379 1657 1776 1511 1602 1639 1671 1997 1859 1378 1451 1450 1657 1153 1726 1889 1781 1374 1310 1131 1747 1166 1360 1887 1679 1796 1097 1937 1769 1119 1886 1601 1553 1223 1861 1776 1124 1024 1104 1703 1175 1915 1744 1027 1941 1008 BCNSPRNW ULIB Ver.6.0+V

เปลี่ยนเป็นภาษาไทย

Change to English
 แสดงรายละเอียดบรรณานุกรม
  กลับหน้าหลัก

Brief Record : Get Marc (ISO 2709) : E-mail record : QR code < ปิดหน้าต่าง
LEADER : 00000nam 2200000uu 4500
001    13399112593
003     ULIB
008    110826s2551||||th 000 0 tha d
020    9789740626534
050  4 HQ772^bS111ส 2551
110 2  ซัมซุงพับลิชิง คอมพานี
245 10 สมองซีกซ้ายพัฒนาได้ไร้ขีดจำกัด สำหรับ 4-5 ปี /^cซัมซุงพับลิชิง คอมพานี
250    พิมพ์ครั้งที่ 1
260    กรุงเทพฯ :^bนานมีบุ๊คส์พับลิเคชั่นส์ ,^c2551
300    96 หน้า :^bภาพประกอบ
945    ^p195^l0^i024688
995    ทศพร
999 ^a ทศพร
รายการนี้ยังไม่มีแท็ก
คุณยังไม่ได้ล็อกอิน คุณสามารถมีกิจกรรมร่วมกับเว็บไซต์ได้ แต่ต้องล็อกอินก่อน ::
  ล็อกอิน

รายการสื่อสารสนเทศ

ลำดับที่ ประเภท เลขเรียก/บาร์โค้ด สถานที่ สถานะ
- ไม่พบข้อมูล -

BibComment


ยังไม่เคยถูกคอมเมนท์

คอมเมนท์ทรัพยากรรายการนี้
  คอมเมนท์: สมองซีกซ้ายพัฒนาไ..


 Copyright 2026. Bcnsprnw @Library